| 000 | 00742nam a22002537a 4500 | ||
|---|---|---|---|
| 005 | 20170124105914.0 | ||
| 010 | _a744691 | ||
| 020 |
_c00.00 _a0801811031 |
||
| 020 | _a0801811163 | ||
| 035 | _a744691 | ||
| 037 | _bCen Lib/Ret | ||
| 040 |
_aDPL _bEN |
||
| 082 |
_a327.73 _bOSG |
||
| 100 |
_aOsgood, Robert E. _91949 |
||
| 245 |
_aAmerica and the world / _cby Robert E. Osgood ...[et al.] |
||
| 260 |
_aLondon _bThe Joins Hopkins Press _c1970 |
||
| 270 |
_aBaltimore _bLondon |
||
| 300 |
_aix,434p. _c20cm(Hb) |
||
| 500 | _aIncludes index | ||
| 650 |
_aForeign relation _9107036 |
||
| 650 |
_aHistory _zAmerica _9107037 |
||
| 700 |
_aOsgood, Robert E. _91949 |
||
| 942 |
_2ddc _cEN _h327.73 _mOSG |
||
| 999 |
_c122730 _d122730 |
||